000 00738nam a2200169 a 4500
008 150727s2012 ||||||||||||||||| || u
050 _aBOOKAID(058)BCL/2012A
110 _aBook Aid international
245 1 0 _aBooks change lives
_cby Book Aid International (BAI)
260 _aColdhabour lane:
_bBook Aid International
_c2012
300 _a15p.: ill.
650 _aBOOKS AND READING
650 _aBOOKS
650 _aBOOKS-EDUCATION
995 _aSPECIAL COLLECTIONS
_e1890
_FCBU-MAIN LIBRARY (Kitwe)
_jBOOKAID(058)BCL/2012A
_M1
_UAVAILABLE
_WAug 4, 2015
_yB1890
_ZInternational Publications
995 _aSPECIAL COLLECTIONS
_e1854
_FCBU-MAIN LIBRARY (Kitwe)
_jBOOKAID(058)BCL/2012B
_M2
_UAVAILABLE
_WJul 31, 2015
_yB1854
_ZInternational Publications
999 _c81176
_d81176